| 000 | 00386nam a22001451a 4500 | ||
|---|---|---|---|
| 082 |
_aM3007 _bBEN/N |
||
| 100 |
_aBenjamin D _982323 |
||
| 245 |
_aNovel sahithya patanangal/ _cby Benjamin D |
||
| 260 |
_aKottayam: _bBenjamin D, _c1994. |
||
| 300 | _a159p. | ||
| 650 |
_aNovel Malayalam Study _982324 |
||
| 650 |
_aLiterature Malayalam _982325 |
||
| 650 |
_aLiterature _982326 |
||
| 942 | _cBK | ||
| 999 |
_c31831 _d31831 |
||